000 00368cam a22001455a 4500
001 J100768
008 000000s1913 xxk 000 0 eng u
035 _a(Sirsi) u100768
110 _aSurveyors' Institution
_93783
245 _aExamination papers 1913. Full set.
260 _c1913
651 4 _aUnited Kingdom
_y
690 _aBusiness and management
942 _n0
999 _c99817
_d99817